MDQL
is popping MORE tags! Check the
thread
!
Quizzes
Events
Quiz Creation
Community
Videos
Private Events
Remove Ads
Sign In
Join for FREE
Feedback
Dark Mode
Quiz Categories
Sports
Geography
Music
Movies
Television
Just For Fun
Miscellaneous
History
Literature
Language
Science
Gaming
Entertainment
Religion
Holiday
For Kids
Quiz Lab
Recent
Popular Today
Quiz Kudos Today
Editor Picks
Curator Picks
Quizzes by...
Day
Popularity
Type
Ratings
Length
Year
Community
Subscriptions
Recent Discussions
Orange Saloon
Badges
Playlists
Quests
Create
Leaderboards
Showdown
Live 5
Trivia Bingo
Activity
Puzzle Library
Sporcle Events
Private Events
Virtual Trivia
Globe League
Become a Host
Pub Owners
SporcleCon
Opinionation
Our Games
Videos
Blog
Mobile Apps
Partnerships
Remove Ads and Go Orange
Feedback
Gaming
Video Games
Board Games
Card Games
Pokémon
Mario
Nintendo
Minecraft
Console
Toys
Legend of Zelda
Gaming
Video Games
Board Games
Card Games
Pokémon
Mario
Nintendo
Minecraft
Console
Toys
Legend of Zelda
Random Quiz
Search Sporcle
×
Quiz Lab
Quiz Lab
Gaming
War
Type in answers that appear in a list
Type in answers that appear in a list
Classic
Best Score? Go Orange.
Lord of the Rings BFME Heroes Stats
Can you name the Lord of the Rings Battle For Middle Earth Heroes?
By
SirAuron_1
5m
58 Questions
709 Plays
709 Plays
709 Plays
Comments
Comments
Give Quiz Kudos
Give Quiz Kudos
-
- Ratings
hide this ad
More Info
Replay
Link that replays current quiz
Next Quiz
Link to next quiz in quiz playlist
You Got
0%
They Got
Avg Score
70%
Avg Friend Score
Upgrade to see
Score Distribution
Jump to the score distribution portion of the page
Score
0/58
Timer
05:00
0
Plays Today
Faction
Name
% Correct
Rohan
Gimli
96.5%
Dwarves
Gimli
96.5%
Rohan
Aragorn
95.8%
Men of the West
Aragorn
95.8%
Rohan
Legolas
95.6%
Elves
Legolas
95.6%
Gondor
Faramir
93.4%
Men of the West
Faramir
93.4%
Rohan
Theoden
92.7%
Men of the West
Theoden
92.7%
Rohan
Eomer
92.4%
Men of the West
Eomer
92.4%
Gondor
Gandalf
92.1%
Gondor
Boromir
92.1%
Men of the West
Boromir
92.1%
Men of the West
Gandalf
92.1%
Isengard
Saruman
91.7%
Isengard
Saruman
91.5%
Rohan
Eowyn
90.7%
Men of the West
Eowyn
90.7%
Mordor
Witch-King
87%
Mordor
Witch-King
87%
Angmar
Witch-King
87%
Rohan
Merry
86.6%
Gondor
Pippin
86.6%
Elves
Elrond
86.6%
Other/
Ring
Sauron
83.5%
Other/
Ring
Galadriel
81.4%
Dwarves
Gloin
79%
Faction
Name
% Correct
Elves
Arwen
77%
Isengard
Lurtz
76.6%
Isengard
Lurtz
76.4%
Other/
Ring
Sam
74.2%
Mordor
Nazgul
73.2%
Mordor
Nazgul
73.2%
Mordor
Nazgul
73.2%
Mordor
Nazgul
73.2%
Elves
Haldir
71.7%
Other/
Ring
Frodo
69.3%
Isengard
Grima Wormtongue
64.7%
Dwarves
King Dain Ironfoot
61.2%
Elves
Thranduil
57.8%
Mordor
Mouth of Sauron
57%
Elves
Glorfindel
56%
Goblins
Shelob
53.9%
Other/
Ring
Treebeard
47.8%
Mordor
Gothmog
47.1%
Isengard
Sharku
44%
Mordor
Fellbeast
32.2%
Mordor
Fellbeast
32.2%
Dwarves
Captain Brand
29.8%
Goblins
Gorkil
28.3%
Goblins
Drogoth
28.1%
Goblins
Azog
27.9%
Angmar
Rogash
21.9%
Angmar
Morgomir
21%
Angmar
Karsh
17.5%
Angmar
Hwaldar
15.9%
Quiz Playlist
Details
Report
Send in Message
Add To Playlist
More Info:
Heroes from Battle for Middle Earth 1 & 2, including Rise of the Witch-King
Classic:
Type in answers that appear in a list
Last Updated: Feb 16, 2017
Quiz Scoreboard
CHALLENGE
Sign Up to Join the Scoreboard
Show All
Scores
Hide
Comments
May contain spoilers
Recently Published
Find the 'City' Movie
by crazypaving
Movies
60s
5x2 Blitz: Bands
by SL_Kpop136
Music
30s
Colored Red Africa Blitz
by spor1
Geography
30s
More to Explore
Quiz From the Vault
Featured Blog Post
14 Easter Pick-up Lines to Find Eggs With
hide this ad
You Might Also Like...
Tags
Lord of the Rings Quiz
War Quiz
battle
Character
earth
faction
Hero
King
lord
middle
Return
Ring
Rings Fellowship
Today's Top Quizzes in Gaming
Browse Gaming
hide this ad
Today's Top Quizzes in War
Browse War
Top Contributed Quizzes in Gaming
1
Genshin murder mystery
2
Dead By Daylight Logic Puzzle
3
Destiny 2 exotic weapons by perk icons
4
League of Legends Pro Players by Career/Team History
5
Genshin Impact Logic Puzzle
6
Overwatch 2: Ultimate Ability Icons
7
Genshin Impact Logic Puzzle Quiz II
8
Overwatch Logic Puzzle
9
Who's on the WWE 2K24 Cover?
10
5-to-1: Legend of Zelda
Explore More
Trending Topics
Marvel
Kpop
Disney
Crossword
Anime
Harry Potter
NBA
Song
NFL
Pokémon
Puzzle
Country
Soccer
WWE
The Office
hide this ad
More By:
SirAuron_1
Quiz
Plays
Rating
Category
Featured
Created
Guess the Kingdom Hearts Characters
1,018
2.83
Gaming
Mar 10, 2011
Lord of the Rings BFME Heroes
709
3.50
Gaming
Dec 20, 2010
Guess the Final Fantasy Character (10+)
474
3.00
Gaming
Jan 20, 2011
Guess the Lord of the Rings Character
459
2.67
Movies
Dec 28, 2010
Marvel Ultimate Alliance 2 by Weapon
429
4.33
Gaming
Dec 17, 2010
Go to Creator's Profile
Score Distribution
Quiz Creator Spotlight
SirAuron_1
Follow
Send a Message
Quizzes Created
-
Created Quiz Play Count
-
More By This Creator
Popular Quizzes Today
1
Colored Red Africa Blitz
2
Find the 'City' Movie
3
Find the US States - No Outlines Minefield
4
5x2 Blitz: Bands
5
The Countries of the World
6
Find the US States
7
Find the Countries of Europe - No Outlines Minefield
8
US States
More Gaming Quizzes
Crash Bandicoot: 1, 2 or 3? (Slideshow)
Editor's Pick
Trending Quizzes
Colored Red Europe Blitz I
Colored Red Europe Blitz II
Colored Red Africa Blitz II
Colored Red Europe Blitz III
Colored Red Africa Blitz III
Recently Updated
How Do You Spell That?
pecheneg
Godzilla Movies
pecheneg
Grab Bag: 4-10 Letters
pecheneg
2024 March Madness Bracket
pecheneg
Famous TV Couples
Peacemaker
Champions League XIs: Real Madrid
pecheneg
Largest US Cities 1790-2010
pecheneg
Rides in Walt Disney World
pecheneg
Most Oscar Losses (Acting)
pecheneg
Beyoncé Albums
pecheneg
Trending Topics
Crossword
Anime
NBA
Harry Potter
Disney
Marvel
Kpop
WWE
Song
Soccer
The Office
Puzzle
Pokémon
NFL
Country
Your Account Isn't Verified!
In order to create a playlist on Sporcle, you need to verify the email address you used during registration. Go to your
Sporcle Settings
to finish the process.
Report this User
Report this user for behavior that violates our
Community Guidelines
.
Details:
Send Report
Go to the Sporcle.com Mobile Site →
Comments